2020 NHL Entry Draft 1st Round Selections - Statistics

General Stats
  • This quiz has been taken 960 times
  • The average score is 14 of 31
Answer Stats
Pick Player Junior Club Team % Correct
2 Quinton Byfield Sudbury Wolves Los Angeles Kings
95%
1 Alexis Lafreniere Rimouski Oceanic New York Rangers
94%
4 Lucas Raymond Frolunda Detroit Red Wings
74%
5 Jake Sanderson USA U-18 Ottawa Senators
68%
6 Jamie Drysdale Erie Otters Anaheim Ducks
62%
9 Marco Rossi Ottawa 67s Minnesota Wild
59%
10 Cole Perfetti Saginaw Spirit Winnipeg Jets
56%
8 Jack Quinn Ottawa 67s Buffalo Sabres
56%
7 Alexander Holtz Djurgarden New Jersey Devils
54%
12 Anton Lundell HIFK Florida Panthers
54%
13 Seth Jarvis Portland Winterhawks Carolina Hurricanes
51%
11 Iaroslav Askarov Neva St Petersburg Nashville Predators
49%
16 Kaiden Guhle Prince Albert Raiders Montreal Canadiens
49%
14 Dylan Holloway University of Wisconsin Edmonton Oilers
47%
15 Rodion Amirov Ufa Toronto Maple Leafs
45%
18 Dawson Mercer Chicoutimi Saguenéens New Jersey Devils
43%
17 Lukas Reichel Eisbaren Berlin Chicago Blackhawks
40%
19 Braden Schneider Brandon Wheat Kings New York Rangers
39%
22 Hendrix Lapierre Chicoutimi Saguenéens Washington Capitals
37%
3 Tim Stuetzle Adler Mannheim Ottawa Senators
35%
24 Connor Zary Kamloops Blazers Calgary Flames
30%
25 Justin Barron Halifax Mooseheads Colorado Avalanche
30%
26 Jake Neighbours Edmonton Oil Kings St Louis Blues
27%
30 Mavrik Bourque Shawinigan Cataractes Dallas Stars
27%
31 Ozzy Wiesblatt Prince Albert Raiders San Jose Sharks
25%
29 Brendan Brisson Chicago Steel Las Vegas Golden Knights
23%
28 Ridley Greig Brandon Wheat Kings Ottawa Senators
23%
21 Yegor Chinakhov Omsk Columbus Blue Jackets
23%
20 Shakir Mukhamadullin Ufa New Jersey Devils
22%
23 Tyson Foerster Barrie Colts Philadelphia Flyers
22%
27 Jacob Perreault Sarnia Sting Anaheim Ducks
19%
No matching quizzes found
Score Distribution
Percent of People with Each Score
Percentile by Number Answered
Your Score History
You have not taken this quiz